Sports Quiz

Random Sports Quiz

AHL Team Names Real or Fake (Clickable) Quiz Stats

 Plays Quiz not verified by Sporcle

Challenge
Share
Tweet
Embed
Score 0/29 Timer 04:00
0 Plays Today
% Correct
Admirals
85.7%
Marlies
84.6%
Crunch
82.4%
Phantoms
82.4%
Wolves
81.9%
Americans
80.8%
Bruins
80.8%
Rampage
79.7%
Senators
79.1%
IceHogs
77.5%
Stars
76.9%
Griffins
76.9%
Aeros
76.4%
Devils
76.4%
Monarchs
75.8%
% Correct
Penguins
75.3%
Sound Tigers
74.7%
Heat
74.2%
Checkers
74.2%
Sharks
74.2%
Bulldogs
74.2%
Rivermen
73.6%
IceCaps
73.1%
Whale
71.4%
Barons
68.1%
Falcons
68.1%
Bears
67.6%
Monsters
67.6%
Pirates
64.3%

You're not logged in!

Compare scores with friends on all Sporcle quizzes.
OR
Log In

You Might Also Like...

Show Comments

Extras

Created May 10, 2012ReportNominate
Tags:AHL Team

Top Quizzes Today


Score Distribution

Your Account Isn't Verified!

In order to create a playlist on Sporcle, you need to verify the email address you used during registration. Go to your Sporcle Settings to finish the process.

Report this User

Report this user for behavior that violates our Community Guidelines.

Details: